| 000 | 00629nam a2200193 a 4500 | ||
|---|---|---|---|
| 003 | 0 | ||
| 005 | 20250225135003.0 | ||
| 008 | 100826s19uu xx 00 eng d | ||
| 050 |
_aPGS TD 471 _b.Ot87 2010 |
||
| 100 | _aOtani, Mariya P. | ||
| 245 |
_aThe use of bagasse as water filter / _cMariya P. Otani. |
||
| 260 |
_aLas PiƱas City, Philippines : _bSouthville International School and Colleges, _c2010. |
||
| 300 |
_a16 pages : _billustrations ; _c28 cm. |
||
| 504 | _aIncludes bibliographical references. | ||
| 650 | _aBagasse. | ||
| 650 |
_aWater _v Purification. |
||
| 650 |
_aWater _v Filtration. |
||
| 942 |
_2lcc _cPASS |
||
| 999 |
_c98359 _d98359 |
||